|
|
|
|
| LEADER |
00000nam0a2200000 4500 |
| 001 |
315218 |
| 005 |
20231102002745.0 |
| 010 |
|
|
|a 9785991659338
|
| 035 |
|
|
|a (RuTPU)RU\TPU\book\340651
|
| 090 |
|
|
|a 315218
|
| 100 |
|
|
|a 20160226d2016 m y0rusy50 ca
|
| 101 |
0 |
|
|a rus
|
| 102 |
|
|
|a RU
|
| 105 |
|
|
|a a j 001zy
|
| 200 |
1 |
|
|a Налоговый менеджмент
|e учебник для академического бакалавриата
|f Н. А. Пименов, Д. Г. Родионов
|g Финансовый университет при Правительстве Российской Федерации ; под ред. Н. А. Пименова
|
| 210 |
|
|
|a Москва
|c Юрайт
|d 2016
|
| 215 |
|
|
|a 305 с.
|c ил.
|
| 225 |
1 |
|
|a Бакалавр. Академический курс
|
| 320 |
|
|
|a Библиогр.: с. 299.
|
| 320 |
|
|
|a Глоссарий: с. 300-305.
|
| 330 |
|
|
|a В учебнике рассматриваются теория и методология налогового менеджмента, основы государственного и корпоративного налогового менеджмента, риски хозяйствующих субъектов вследствие налогового контроля. Большое внимание уделено критериям и индикаторам налоговых рисков, налоговому планированию и оптимизации налоговых платежей. Отличительной особенностью учебника является подробное описание налоговых схем (по НДС, налогу на прибыль, налогу на имущество, транспортному налогу) и связанных с этими схемами рисков признания налоговой выгоды необоснованной.Рассмотрены вопросы оптимизации налоговых платежей с использованием офшоров.Учебник соответствует актуальным требованиям Федерального государственного образовательного стандарта высшего образования.Для студентов высших учебных заведений, обучающихся по направлениям «Менеджмент» и «Экономика», а также для аспирантов и преподавателей.
|
| 606 |
1 |
|
|a Налоговый менеджмент
|2 stltpush
|3 (RuTPU)RU\TPU\subj\36472
|9 57838
|
| 610 |
1 |
|
|a экономика
|
| 610 |
1 |
|
|a налоги
|
| 610 |
1 |
|
|a управление
|
| 610 |
1 |
|
|a государственный налоговый менеджмент
|
| 610 |
1 |
|
|a налоговый контроль
|
| 610 |
1 |
|
|a налоговые риски
|
| 610 |
1 |
|
|a контрагенты
|
| 610 |
1 |
|
|a налоговое планирование
|
| 610 |
1 |
|
|a налоговые платежи
|
| 610 |
1 |
|
|a оптимизация
|
| 610 |
1 |
|
|a хозяйственные риски
|
| 610 |
1 |
|
|a налоговое бюджетирование
|
| 610 |
1 |
|
|a учебники
|
| 686 |
|
|
|a У9(2)261.4я7
|v LBC/SL-A
|2 rubbk
|
| 700 |
|
1 |
|a Пименов
|b Н. А.
|g Николай Анатольевич
|
| 701 |
|
1 |
|a Родионов
|b Д. Г.
|g Дмитрий Григорьевич
|
| 702 |
|
1 |
|a Пименов
|b Н. А.
|g Николай Анатольевич
|4 340
|
| 712 |
0 |
2 |
|a Финансовый университет при Правительстве Российской Федерации
|c (Москва)
|c (2010- )
|2 stltpush
|3 (RuTPU)RU\TPU\col\17114
|9 26530
|
| 801 |
|
1 |
|a RU
|b 63413507
|c 20160226
|
| 801 |
|
2 |
|a RU
|b 63413507
|c 20170322
|g RCR
|
| 900 |
|
|
|a Менеджмент
|
| 942 |
|
|
|c BK
|
| 951 |
|
|
|l 8.1
|
| 959 |
|
|
|a 24/20160224
|d 1
|e 669,00
|f ЧЗГЛ:1
|